| 000 | 00442nam a2200157Ia 4500 | ||
|---|---|---|---|
| 005 | 20250514022050.0 | ||
| 008 | 240331s9999 xx 000 0 und d | ||
| 020 | _a9789559261582 | ||
| 082 |
_bTHI _a200 |
||
| 100 | _aThiruchandran,S | ||
| 245 | 0 | _aSri Lankawe Hinduwathaya Thula Pithru mulika loka dakma | |
| 260 |
_aColombo _bWomen's Education & Research Centre _c2013 |
||
| 300 | _axi, 54 p ., | ||
| 500 | _aA book on Hinduism | ||
| 942 | _cL | ||
| 999 |
_c5831 _d5831 |
||